Declaración de la ciudad de Quebec
En este encuentro se conluye con las siguientes declaraciones: se acuerda llevar a cabo consultas en el caso de una ruptura del sistema democrático de un país que participa en el proceso de cumbres. Se condenan los ataques contra la población civil y se anuncia la toma de medidas para prohibir la ut...
Enregistré dans:
| Format: | Texte |
|---|---|
| Sujets: | |
| Tags: |
Ajouter un tag
Pas de tags, Soyez le premier à ajouter un tag!
|
MARC
| LEADER | 00000 a a2200000 04500 | ||
|---|---|---|---|
| 001 | 2560 | ||
| 003 | |||
| 040 | |||
| 245 | |a Declaración de la ciudad de Quebec | ||
| 520 | |a En este encuentro se conluye con las siguientes declaraciones: se acuerda llevar a cabo consultas en el caso de una ruptura del sistema democrático de un país que participa en el proceso de cumbres. Se condenan los ataques contra la población civil y se anuncia la toma de medidas para prohibir la utilización de niños en conflictos armados. También declara que se harán esfuerzos para limitar los gastos militares y para la aplicación de estrategias antidrogas. Por otra parte destaca su compromiso con el desarrollo de inciativas de energía renovable y a profucndiazar la integración energética, promoviendo principios de desarrollo sostenible. También declara el impulso que le dará a programas que mejores la agricultura y la vida rural./MSD | ||
| 650 | |a ACUERDOS INTERNACIONALES | ||
| 650 | |a POLITICA INTERNACIONAL | ||
| 650 | |a ASUNTOS INTERNACIONALES | ||
| 650 | |a CONFERENCIAS | ||
| 773 | |g número 61; páginas 192-198 | ||
| 999 | |c 29115 |d 29115 | ||
